Cálculo vectorial / (Registro nro. 3334)

Detalles MARC
000 -LEADER
fixed length control field 00922nam a2200253Ia 4500
003 - CONTROL NUMBER IDENTIFIER
control field OSt
005 - DATE AND TIME OF LATEST TRANSACTION
control field 20200922134353.0
008 - FIXED-LENGTH DATA ELEMENTS--GENERAL INFORMATION
fixed length control field 191128s1991 deu gr 000 0 spa d
020 ## - INTERNATIONAL STANDARD BOOK NUMBER
International Standard Book Number 201629356
040 ## - CATALOGING SOURCE
Original cataloging agency CO-JMCR
Transcribing agency CO-JMCR
041 0# - LANGUAGE CODE
Language code of text/sound track or separate title spa
082 04 - DEWEY DECIMAL CLASSIFICATION NUMBER
Classification number 515.63 /
Item number M364c
Edition number 23
100 1# - MAIN ENTRY--PERSONAL NAME
Personal name Marsden, Jerrold E.,
Relator term autor
9 (RLIN) 10654
245 10 - TITLE STATEMENT
Title Cálculo vectorial /
Statement of responsibility, etc. Jerrold E. Marsden ; Anthony J. Tromba
250 ## - EDITION STATEMENT
Edition statement tercera edición
260 ## - PUBLICATION, DISTRIBUTION, ETC.
Place of publication, distribution, etc. Wilmington :
Name of publisher, distributor, etc. Addison-Wesley Iberoamericana,
Date of publication, distribution, etc. 1991.
300 ## - PHYSICAL DESCRIPTION
Extent 655 páginas ;
Dimensions 23 cm.
505 0# - FORMATTED CONTENTS NOTE
Formatted contents note Prefacio -- la geometría del espacio euclidiano -- vectores en el espacio tridimensional -- el producto interno -- el producto cruz -- coordenadas esféricas cilíndricas.
650 24 - SUBJECT ADDED ENTRY--TOPICAL TERM
Topical term or geographic name entry element Análisis vectorial
9 (RLIN) 10655
650 24 - SUBJECT ADDED ENTRY--TOPICAL TERM
Topical term or geographic name entry element Análisis de vectores
9 (RLIN) 10656
650 24 - SUBJECT ADDED ENTRY--TOPICAL TERM
Topical term or geographic name entry element Cálculo
9 (RLIN) 10657
700 1# - ADDED ENTRY--PERSONAL NAME
Personal name Tromba, Anthony J.,
Relator term autor
9 (RLIN) 10658
942 ## - ADDED ENTRY ELEMENTS (KOHA)
Source of classification or shelving scheme Dewey Decimal Classification
Koha item type Books
Existencias
Withdrawn status Lost status Source of classification or shelving scheme Materials specified (bound volume or other part) Damaged status Not for loan Home library Current library Shelving location Date acquired Source of acquisition Total Checkouts Full call number Barcode Date last seen Date last checked out Copy number Price effective from Koha item type
    Dewey Decimal Classification Donación--14/07/2018--     Biblioteca Pública José María del Castillo y Rada Biblioteca Pública José María del Castillo y Rada General Stacks 11/28/2019 Donación 6 515.63 / M364c 201807252 02/27/2026 02/27/2026 Ej.1 11/28/2019 Books